000 00653nam a2200217 a 4500
999 _c5204
_d5204
001 5204
003 BD-JhCC
005 20171210170314.0
008 171210b1967 bg |||| ||a| 000 0 ben d
035 _a(BD-JhCC)5204
040 _aBD-JhCC
_dBD-JhCC
041 _aben
082 _a891.443
_bRAH 1967
100 _aরহমান, সাইফুর
245 _aরক্তাক্ত রণাঙ্গন /
_cসাইফুর রহমান
260 _aকুমিল্লা :
_bএ. কে. এম শহীদুল হক,
_c1967.
300 _a220 p. :
_c21 cm.
650 _aHistroical Novel
942 _2ddc
_cBK